000 004240000a22001690004500
041 0 _aENG
082 0 4 _aG 232 J661g
100 1 _aJohnson, E. Thelma
245 1 0 _aGlimpses into the silent years of Jesus / E. Thelma Johnson
300 _a130 Pag
650 1 4 _aJESUCRISTO
001 3935
942 _cBK
999 _c34558
_d34558
336 _atexto
_btxt
_2rdacontent
337 _2rdamedia
_asin mediación
_bn
338 _2rdacarrier
_avolumen
_bnc